Unamuno: pensamiento político. Selección de textos y estudio preliminar
Uloženo v:
| Hlavní autor: | |
|---|---|
| Médium: | Text |
| Vydáno: |
Madrid:
Tecnos
|
| Tagy: |
Přidat tag
Žádné tagy, Buďte první, kdo vytvoří štítek k tomuto záznamu!
|
MARC
| LEADER | 00000 a a2200000 04500 | ||
|---|---|---|---|
| 001 | 24311 | ||
| 003 | |||
| 040 | |||
| 090 | |a 166400 | ||
| 100 | |a Díaz, Elías | ||
| 245 | |a Unamuno: pensamiento político. Selección de textos y estudio preliminar | ||
| 260 | |a Madrid: |b Tecnos | ||
| 300 | |a 891 p. | ||
| 999 | |c 14464 |d 14464 | ||
